Normal view
MARC view
Entry Personal Name
001 - CONTROL NUMBER
- control field: 68723
003 - CONTROL NUMBER IDENTIFIER
- control field: dpl
005 - DATE AND TIME OF LATEST TRANSACTION
- control field: 20240722170043.0
008 - FIXED-LENGTH DATA ELEMENTS
- fixed length control field: 240722|| aca||aabn | a|a d
040 ## - CATALOGING SOURCE
- Original cataloging agency: dpl
- Transcribing agency: dpl
100 ## - HEADING--PERSONAL NAME
- Personal name: Verma, PS
670 ## - SOURCE DATA FOUND
- Source citation: Work cat.: (dpl)204279: Verma, PS, Cell Biology, Genetics, Moleculer Biology, Evolution and Ecology/, 2022
